| 000 | 00773nam a22002057a 4500 | ||
|---|---|---|---|
| 005 | 20180405122938.0 | ||
| 010 | _aB-690986-687 | ||
| 020 |
_a9788184193939 _c125.00 |
||
| 035 | _aB-690704-705 | ||
| 037 | _bDiamond Pocket Books | ||
| 082 | _a920 | ||
| 100 | _aSaran, Renu | ||
| 245 |
_aFamous Indian women / _cby Renu Saran |
||
| 260 |
_aNew Delhi _bDiamond Pocket Books _c2010 |
||
| 270 |
_aX-30, Okhla Industrial Area, Phase-II, New Delhi-110020 _bNew Delhi |
||
| 300 |
_a214p.: _c22 cm (pbk) _bill. |
||
| 500 | _aBalidani | ||
| 942 |
_2ddc _cEN _mSAR _h920 |
||
| 999 |
_c150791 _d150791 |
||